Tilastot visalle Suomen suurimmat kaupungit

Klikkaa tästä pelataksesi tätä visaa!

Yleistilastot

  • Tätä visaa on pelattu 4 280 kertaa
  • Keskiarvotulos 12 / 15

Vastaustilastot

VäkilukuKaupunki% Oikein
1 286 172Helsinki
100%
337 541Tampere
97%
274 896Turku
96%
202 586Oulu
95%
53 361Rovaniemi
90%
126 606Jyväskylä
86%
67 670Vaasa
82%
89 307Kuopio
80%
83 785Pori
78%
71 798Joensuu
76%
119 459Lahti
75%
55 774Lappeenranta
70%
50 647Hämeenlinna
61%
50 722Seinäjoki
60%
51 100Kotka
58%

Tulosjakauma

Persentiili vastausten määrän mukaan

Jokaisen tuloksen saaneiden osuus

Tuloshistoriasi

Et ole pelannut tätä visaa